All football clubs Eden Hazard scored against for Chelsea - Statistics

General Stats
  • This quiz has been taken 90 times
  • The average score is 24 of 37
Answer Stats
Hint Answer % Correct
Premier League (4) Manchester City
99%
Premier League (7) Arsenal
94%
Premier League (6) Liverpool
94%
Premier League (6) Tottenham Hotspur
94%
Premier League (5) Manchester United
93%
Germany (1) Bayern Munich
85%
France (2) Paris Saint-Germain
85%
Premier League (7) Newcastle United
83%
Premier League (6) West Ham United
81%
Championship (2) Leicester City
79%
Premier League (2) Everton
78%
Premier League (2) Aston Villa
75%
Championship (6) Southampton
75%
Championship (2) Norwich City
72%
Premier League (4) Brighton & Hove Albion
71%
Championship (1) Leeds United
68%
Italy (2) Roma
68%
Premier League (1) Wolverhampton Wanderers
68%
Premier League (1) Burnley
67%
Championship (3) Sunderland
67%
Premier League (1) Crystal Palace
65%
Championship (7) West Bromwich Albion
63%
Premier League (7) Bournemouth
61%
Championship (1) Swansea CIty
60%
Championship (5) Cardiff City
56%
Championship (2) Stoke City
56%
Azerbaijan (1) Qarabag
54%
Czech Republic (1) Sparta Prague
51%
Championship (3) Watford
51%
Championship (1) Queens Park Rangers
50%
Championship (3) Hull City
49%
Championship (2) Huddersfield Town
47%
League One (1) Derby County
43%
Germany (1) Schalke
43%
Slovenia (2) Maribor
42%
League One (1) Wigan Athletic
38%
League Two (1) MK Dons
15%
No matching quizzes found
Score Distribution
Percent of People with Each Score
Percentile by Number Answered
Your Score History
You have not taken this quiz